| 000 | 00391pab a2200157 454500 | ||
|---|---|---|---|
| 008 | 180718b2009 xxu||||| |||| 00| 0 eng d | ||
| 100 | _aPatnaik, Prabhat | ||
| 245 | _aChallenges before higher education in developing societies | ||
| 260 | _c2009 | ||
| 300 | _ap.21-32. | ||
| 362 | _aJul-Aug | ||
| 650 | _aHigher education | ||
| 773 | _aSocial Scientist | ||
| 908 | _aN | ||
| 909 | _a84224 | ||
| 999 |
_c84224 _d84224 |
||